Stratejik düşünce (Record no. 11446)

MARC details
000 -BAŞLIK
Sabit Uzunlukta Kontrol Alanı 01386na a2200349 4500
001 - KONTROL NUMARASI
Denetim Alanı 22110
003 - KONTROL NUMARASI IDENTIFIER
Denetim Alanı MIRAKIL
005 - SON İŞLEM TARİHİ VE ZAMANI
Denetim Alanı 20181226092845.0
008 - SABİT-BOY VERİ ELEMANLARI - GENEL BİLGİLER
Sabit Uzunlukta Kontrol Alanı 170211b tu n0 0 0
022 ## - ULUSLARARASI STANDART SERİ NUMARASI
Uluslararası Standart Süreli Yayın Numarası 1309-3649
035 ## - SİSTEM KONTROL NUMARASI
Sistem Kontrol Numarası 20919
040 ## - KATALOGLAMA KAYNAK
Orijinal Kataloglama Ajansı Milas
Kataloglama Dili tur
Metne Dönüştürmek Ajansı TR-AnCHP
041 ## - DİL KODU
Metin / Ses Parça Veya Ayrı Başlığın Dil Kodu tur
090 ## - SINIFLAMA NUMARASI
Sınıflama Numarası 050 DER 79
222 ## - ANAHTAR ADI
Anahtar Başlık SD
245 ## - BAŞLIK TABLOSU
Başlık Stratejik düşünce
Başlığın Kalan aylık uluslararası ilişkiler ve strateji dergisi
246 ## - UNVAN FORM VARYING
Başlık Doğru / Kısa Başlığı Uluslararası ilişkiler ve strateji dergisi
246 ## - UNVAN FORM VARYING
Başlık Doğru / Kısa Başlığı Stratejik düşünce dergi
246 ## - UNVAN FORM VARYING
Başlık Doğru / Kısa Başlığı SD dergi
260 ## - YAYIN, DAĞITIM, VB
Yayın, Dağıtım, Vb Yeri Ankara
Yayıncı, Dağıtıcı, Vs Adı Stratejik Düşünce ve Araştırma Vakfı
Yayın, Dağıtım, Vb Tarihi 2009-
300 ## - FİZİKSEL TANIM
Kapsam c.
Diğer Fiziksel Ayrıntıları tbl. ; grf.
Boyutlar 23 sm.
362 ## - YAYIN VE / VEYA SIRALI GÖREVLENDİRİLMESİNE TARİHLERİ
Yayın Ve / Veya Ardışık Kullanım Amacı Tarihleri yıl 1, sayı 4 (Mart 2010)-
500 ## - GENEL NOT
Genel Not Mevcut sayılar: (4) Mart 2010; (5) Nisan 2010; (8) Temmuz 2010; (12) Kasım 2010; (13) Aralık 2010; (16) Mart 2011; (18) Mayıs 2011; (26) Ocak 2012; (29) Nisan 2012; (31) Haziran 2012; (34) Eylül 2012; (36) Kasım 2012; (40) Mart 2013; (41) Nisan 2013; (63) Şubat 2015; (64) Mart 2015; (68) Temmuz 2015; (73) Aralık 2015
530 ## - EK FİZİKSEL FORMU MEVCUT NOT
Ek Fiziksel Formu Mevcut Notu Online olarak edinilebilir.
650 ## - KONU KATMA GİRİŞ - TOPİKAL DÖNEM
Topikal Süreli Veya Coğrafi Ad Giriş Elemanı Uluslararası ilişkiler
Form Alt Bölümü Süreli yayınlar
650 ## - KONU KATMA GİRİŞ - TOPİKAL DÖNEM
Topikal Süreli Veya Coğrafi Ad Giriş Elemanı Siyasal bilimler
Form Alt Bölümü Süreli yayınlar
910 ## - KULLANICI SEÇENEK, VERİLERİN (OCLC)
Kullanıcı Seçenek Veri DERGİ 79
942 ## - EKLENDİ GİRİŞ ELEMANLARI (KOHA)
Sınıflandırma Veya Raf Düzeni Kaynak Dewey Decimal Classification
Koha Öğesi Türü Serials
999 ## - SİSTEM KONTROL NUMARALARI (KOHA)
Koha Biblionumber 11446
Koha Biblioitemnumber 11446
310 ## - MEVCUT YAYIN FREKANSI
Güncel Yayın Frekansı Aylık
655 ## - INDEX DÖNEM - TÜR / FORMU
-- e-Dergi
Holdings
Kullanım Kısıtlamaları Kalıcı Konum Mevcut Konum Edinme Tarihi Kodlu Konum Eleme Toplam Check-Out'Lar Tam Çağrı Numarası Barkod Tarih Son Görülme İtibaren Geçerli Fiyatlar Sigara Kamu Notu Koha Öğesi Türü
Kütüphane dışına çıkarılamaz CHP Kütüphanesi CHP Kütüphanesi 02/10/2017 SÜRELİ YAYINLAR   050 DER 79 D079 02/10/2017 02/10/2017 Serials